| 000 | 00000nam##2200000za#4500 |
| 001 | 9.546159 |
| 003 | CaOODSP |
| 005 | 20210615091434 |
| 007 | ta |
| 008 | 150406|2008||||xxc||||| f|0| 0 fre|d |
| 022 | |a0706-6457 |
| 040 | |aCaOODSP|bfre |
| 041 | |aeng |
| 041 | |afre |
| 043 | |an-cn--- |
| 086 | 1 |aFs97-6/2793 |
| 110 | 1 |aCanada. |bMinistère des pêches et des océans. |
| 245 | 10|aCompes rendus du 34ième atelier annuel sur la toxicité aquatique : |bdu 30 septembre au 3 octobre 2007, Halifax, Nouvelle-Écosse / |cÉditeurs, K.A. Kidd ... [et al.] |
| 260 | |aSt. Andrews - Nouveau-Brunswick : |bPêches et Océans Canada |c2008. |
| 490 | 1 |aRapport technique canadien des sciences halieutiques et aquatiques|x0706-6457|v2793 |
| 500 | |a"Fisheries and Oceans Canada, St. Andrews, NB, E5B 2L9". |
| 504 | |aBibliographie. |
| 520 | 3 |aRenferment le texte intégral ou le résumé de toutes les communications présentées aux ateliers. Un index des auteurs sont aussi inclus. |
| 546 | |aTexte d'introduction en français et anglais. Les articles en leurs langues originales. |
| 563 | |aCouverture souple |
| 590 | |a08-27|b2008-07-04 |
| 691 | 07|aÉcosystème aquatique|2gcpds |
| 691 | 07|aPollution de l'eau|2gcpds |
| 691 | 07|aToxicologie|2gcpds |
| 720 | 1 |aClément, M. |
| 776 | 0#|tProceedings of the 34th annual aquatic toxicity workshop : |w(CaOODSP)9.589957 |
| 791 | |tProceedings of the 34th annual aquatic toxicity workshop : |eeng|w(CaOODSP)9.546158 |
| 830 | #0|aRapport technique canadien des sciences halieutiques et aquatiques,|x0706-6457|v2793|w(CaOODSP)9.514690 |